Analýza súčasných menových problémov eurozóny

Vznik a vývoj menovej integrácie a vznik novej meny vo svete - eura. Benefity či náklady vstupu do menovej únie a ekonomická situácia krajín v okamžiku vzdania sa vlastnej národnej meny. Analýza súčasných menových problémov eurozóny a možné riešenia týchto problémov.

Saved in:
Bibliographic Details
Main Author: Spuchľáková, Erika
Other Authors: Cúg, Juraj
Format: Book Chapter
Language:Slovak
Subjects:
Tags: Add Tag
No Tags, Be the first to tag this record!

MARC

LEADER 00000nla a2200000 4500
001 0178434
005 20221020085303.6
041 0 |a slo 
044 |a SK 
245 1 0 |a Analýza súčasných menových problémov eurozóny  |c Erika Spuchľáková, Juraj Cúg 
520 |a Vznik a vývoj menovej integrácie a vznik novej meny vo svete - eura. Benefity či náklady vstupu do menovej únie a ekonomická situácia krajín v okamžiku vzdania sa vlastnej národnej meny. Analýza súčasných menových problémov eurozóny a možné riešenia týchto problémov. 
610 2 0 |a integrácia menová 
610 2 0 |a únie menové 
610 2 0 |a eurozóna 
610 2 0 |a euro 
610 2 0 |a Európska menová únia 
610 2 0 |a Európska centrálna banka 
100 1 |a Spuchľáková, Erika 
700 1 |a Cúg, Juraj